00534 2200193 4500001002100000005001700021006001900038008004100057020001800098035002500116041000700141082000800148090001200156100003500168245006700203260003700270300002500307990000800332INLIS00000000000302020140317164255.0a ||| | 180719| ||| | id  a979-3084-03-0 a0010-031300000003020 aid0 a634 a634 MEM0 aTim Redaksi Agro Media Pustaka00aMemanfaatkan Rumah Dan Pekarangan: Membuahkan Mangga Dalam Pot aJakartabAgromedia Pustakac2004 avii, 52 hal, 23,5 cm a721